|
|
|
|
| LEADER |
01738nam a22002777a 4500 |
| 001 |
32476 |
| 003 |
BD-DhAAL |
| 005 |
20250202163348.0 |
| 008 |
171130t1997 bg a|||| |||| 00| 0 eng d |
| 040 |
|
|
|a BD-DhAAL
|c BD-DhAAL
|
| 082 |
|
|
|2 22
|a 306.095492
|
| 245 |
|
|
|a Research reports
|f (1997)
|p Social studies.
|n Volume XVII.
|
| 260 |
|
|
|a Dhaka :
|b Research and Evaluation Division, BRAC,
|c 1997.
|
| 300 |
|
|
|a 316 pages :
|b illustrations ;
|c 30 cm.
|
| 362 |
|
|
|a Vol. 17
|
| 504 |
|
|
|a Includes bibliographical references
|
| 541 |
|
|
|a Complimentary copy from Research and Evaluation Division (RED), BRAC
|e 32476, 44029, 44028
|
| 610 |
|
|
|a BRAC
|9 14405
|
| 651 |
|
|
|a Bangladesh
|x Social condition.
|9 24143
|
| 710 |
|
|
|a BRAC,
|9 14405
|b Research and Evaluation Division
|
| 852 |
|
|
|a Ayesha Abed Library
|c BRAC Resource Section
|
| 942 |
|
|
|2 ddc
|c BK
|
| 999 |
|
|
|c 38787
|d 38787
|
| 952 |
|
|
|0 0
|1 0
|2 ddc
|4 0
|6 306_095492000000000_RES
|7 1
|8 RPT
|9 62246
|a BRACUL
|b BRACUL
|c BRS
|d 2025-01-30
|e Complimentary copy from Research and Evaluation Division (RED), BRAC
|l 0
|o 306.095492 RES
|p 3010032476
|r 2017-12-10
|t 1
|y BK
|x Complimentary copy from Research and Evaluation Division (RED), BRAC
|
| 952 |
|
|
|0 0
|1 0
|2 ddc
|4 0
|6 306_095492000000000_RES
|7 0
|8 RPT
|9 77228
|a SCL
|b SCL
|c GEN
|d 2025-01-30
|e Complimentary copy from Research and Evaluation Division (RED), BRAC
|l 0
|o 306.095492 RES
|p 3020044029
|r 2025-01-30
|t 2
|w 2025-01-30
|y BK
|x Complimentary copy from Research and Evaluation Division (RED), BRAC
|
| 952 |
|
|
|0 0
|1 0
|2 ddc
|4 0
|6 306_095492000000000_RES
|7 0
|8 RPT
|9 77230
|a SCL
|b SCL
|c GEN
|d 2025-01-30
|e Complimentary copy from Research and Evaluation Division (RED), BRAC
|l 0
|o 306.095492 RES
|p 3020044028
|r 2025-01-30
|t 3
|w 2025-01-30
|y BK
|x Complimentary copy from Research and Evaluation Division (RED), BRAC
|